000 00372nam a2200109Ia 4500
008 220204s9999 xx 000 0 und d
020 _aISSN:15116948
082 _aNR:058:338.32000
_bMRB
245 0 _aDirectory of rubber product manufactures and rubber chemical and machinery suppliers in Malaysia 2000
260 _aKuala Lumpur
_bMalaysian Rubber Board
_c2000
942 _cBK
999 _c42008
_d42008